MARC details
| 000 -CABECERA |
| campo de control de longitud fija |
00891cam a2200229 a 4500 |
| 001 - NÚMERO DE CONTROL |
| campo de control |
000001501 |
| 005 - FECHA Y HORA DE LA ÚLTIMA TRANSACCIÓN |
| campo de control |
20200929145611.0 |
| 008 - DATOS DE LONGITUD FIJA--INFORMACIÓN GENERAL |
| campo de control de longitud fija |
791029s1979 alua bc 001 0 eng |
| 020 ## - NÚMERO INTERNACIONAL ESTÁNDAR DEL LIBRO |
| Número Internacional Estándar del Libro |
0896160084 |
| 020 ## - NÚMERO INTERNACIONAL ESTÁNDAR DEL LIBRO |
| Número Internacional Estándar del Libro |
0896160092 |
| 040 ## - FUENTE DE LA CATALOGACIÓN |
| Centro catalogador/agencia de origen |
DO-SdBNP |
| Lengua de catalogación |
spa |
| Centro/agencia transcriptor |
BNPHU |
| 050 00 - SIGNATURA TOPOGRÁFICA DE LA BIBLIOTECA DEL CONGRESO |
| Número de clasificación |
ND205 |
| Número de documento/Ítem |
.A77 1979 |
| 082 ## - NÚMERO DE LA CLASIFICACIÓN DECIMAL DEWEY |
| Número de clasificación |
759.13/074/016147 |
| Número de documento/Ítem |
A784i |
| 245 00 - MENCIÓN DE TÍTULO |
| Título |
Art Inc. : |
| Resto del título |
American paintings from corporate collections / |
| Mención de responsabilidad, etc. |
introducción de Mitchell Douglas Kahan. |
| 260 ## - PUBLICACIÓN, DISTRIBUCIÓN, ETC. |
| Lugar de publicación, distribución, etc. |
Montgomery, Alabama : |
| Nombre del editor, distribuidor, etc. |
Montgomery Museum of Fine Arts in association with Brandywine Press, |
| Fecha de publicación, distribución, etc. |
1979. |
| 300 ## - DESCRIPCIÓN FÍSICA |
| Extensión |
298 p. : |
| Otras características físicas |
il. ; |
| Dimensiones |
28 cm. |
| 504 ## - NOTA DE BIBLIOGRAFÍA, ETC. |
| Nota de bibliografía, etc. |
Bibliografía: p. 288-295. |
| 650 #0 - PUNTO DE ACCESO ADICIONAL DE MATERIA--TÉRMINO DE MATERIA |
| Término de materia o nombre geográfico como elemento de entrada |
Painting, american |
| Subdivisión de forma |
Exhibitions. |
| 9 (RLIN) |
4957 |
| 650 #0 - PUNTO DE ACCESO ADICIONAL DE MATERIA--TÉRMINO DE MATERIA |
| Término de materia o nombre geográfico como elemento de entrada |
Corporations |
| Subdivisión general |
Art collections |
| Subdivisión geográfica |
United States |
| Subdivisión de forma |
Exhibitions. |
| 9 (RLIN) |
4958 |
| 710 1# - PUNTO DE ACCESO ADICIONAL--NOMBRE DE ENTIDAD CORPORATIVA |
| Nombre de entidad corporativa o nombre de jurisdicción como elemento de entrada |
Montgomery Museum of Fine Arts. |
| 9 (RLIN) |
4959 |
| 740 0# - PUNTO DE ACCESO ADICIONAL--TÍTULO RELACIONADO O ANALÍTICO NO CONTROLADO |
| Título relacionado o analítico no controlado |
American paintings from corporate collections. |